<?xml version="1.0" encoding="UTF-8"?>
<record
    xmlns:xsi="http://www.w3.org/2001/XMLSchema-instance"
    xsi:schemaLocation="http://www.loc.gov/MARC21/slim http://www.loc.gov/standards/marcxml/schema/MARC21slim.xsd"
    xmlns="http://www.loc.gov/MARC21/slim">

  <leader>00419nam a2200157Ia 4500</leader>
  <controlfield tag="003">OSt</controlfield>
  <controlfield tag="005">20241018113546.0</controlfield>
  <datafield tag="020" ind1=" " ind2=" ">
    <subfield code="a">9966-08-105-4</subfield>
  </datafield>
  <datafield tag="040" ind1=" " ind2=" ">
    <subfield code="c">LC</subfield>
  </datafield>
  <datafield tag="050" ind1=" " ind2=" ">
    <subfield code="a">B 21 .M35 2005</subfield>
    <subfield code="b">1</subfield>
  </datafield>
  <datafield tag="100" ind1=" " ind2=" ">
    <subfield code="a">MAKUMBA,MAURICE MUHATIA</subfield>
  </datafield>
  <datafield tag="245" ind1=" " ind2="0">
    <subfield code="a">INTRODUCTION TO PHILOSOPHY</subfield>
  </datafield>
  <datafield tag="500" ind1=" " ind2=" ">
    <subfield code="a">INCLUDES BIBLIOGRAPHICAL REFERENCES AND INDEX</subfield>
  </datafield>
  <datafield tag="650" ind1=" " ind2=" ">
    <subfield code="a">Philosophie, Philosophie Introductions, Philosophy</subfield>
  </datafield>
  <datafield tag="942" ind1=" " ind2=" ">
    <subfield code="c">BK</subfield>
    <subfield code="2">lcc</subfield>
  </datafield>
  <datafield tag="999" ind1=" " ind2=" ">
    <subfield code="c">63482</subfield>
    <subfield code="d">63482</subfield>
  </datafield>
  <datafield tag="952" ind1=" " ind2=" ">
    <subfield code="0">0</subfield>
    <subfield code="1">0</subfield>
    <subfield code="2">lcc</subfield>
    <subfield code="4">0</subfield>
    <subfield code="7">0</subfield>
    <subfield code="8">ARTS</subfield>
    <subfield code="a">KSUL</subfield>
    <subfield code="b">KSUL</subfield>
    <subfield code="d">2023-09-15</subfield>
    <subfield code="i">097937</subfield>
    <subfield code="l">11</subfield>
    <subfield code="m">1</subfield>
    <subfield code="o">B21.M35 2005</subfield>
    <subfield code="p">024551</subfield>
    <subfield code="r">2026-04-22 14:41:32</subfield>
    <subfield code="s">2026-04-13</subfield>
    <subfield code="t">2</subfield>
    <subfield code="w">2023-09-15</subfield>
    <subfield code="y">BK</subfield>
  </datafield>
  <datafield tag="952" ind1=" " ind2=" ">
    <subfield code="0">0</subfield>
    <subfield code="1">0</subfield>
    <subfield code="2">lcc</subfield>
    <subfield code="4">0</subfield>
    <subfield code="7">0</subfield>
    <subfield code="8">ARTS</subfield>
    <subfield code="a">KSUL</subfield>
    <subfield code="b">KSUL</subfield>
    <subfield code="d">2024-09-11</subfield>
    <subfield code="l">7</subfield>
    <subfield code="o">B 21 .M35 2005 </subfield>
    <subfield code="p">000000010719</subfield>
    <subfield code="r">2026-04-08 13:01:05</subfield>
    <subfield code="s">2026-04-01</subfield>
    <subfield code="t">8</subfield>
    <subfield code="w">2024-09-11</subfield>
    <subfield code="y">BK</subfield>
  </datafield>
  <datafield tag="952" ind1=" " ind2=" ">
    <subfield code="0">0</subfield>
    <subfield code="1">0</subfield>
    <subfield code="2">lcc</subfield>
    <subfield code="4">0</subfield>
    <subfield code="7">0</subfield>
    <subfield code="8">ARTS</subfield>
    <subfield code="a">KSUL</subfield>
    <subfield code="b">KSUL</subfield>
    <subfield code="d">2024-09-11</subfield>
    <subfield code="i">104671</subfield>
    <subfield code="l">6</subfield>
    <subfield code="o">B 21 .M35 2005 </subfield>
    <subfield code="p">000000010715</subfield>
    <subfield code="r">2026-04-16 21:35:30</subfield>
    <subfield code="s">2026-04-07</subfield>
    <subfield code="t">7</subfield>
    <subfield code="w">2024-09-11</subfield>
    <subfield code="y">BK</subfield>
  </datafield>
  <datafield tag="952" ind1=" " ind2=" ">
    <subfield code="0">0</subfield>
    <subfield code="1">0</subfield>
    <subfield code="2">lcc</subfield>
    <subfield code="4">0</subfield>
    <subfield code="7">0</subfield>
    <subfield code="8">ARTS</subfield>
    <subfield code="a">KSUL</subfield>
    <subfield code="b">KSUL</subfield>
    <subfield code="d">2024-09-11</subfield>
    <subfield code="i">104670</subfield>
    <subfield code="l">9</subfield>
    <subfield code="o">B 21 .M35 2005 </subfield>
    <subfield code="p">000000010718</subfield>
    <subfield code="r">2026-04-16 17:47:50</subfield>
    <subfield code="s">2026-04-01</subfield>
    <subfield code="t">6</subfield>
    <subfield code="w">2024-09-11</subfield>
    <subfield code="y">BK</subfield>
  </datafield>
  <datafield tag="952" ind1=" " ind2=" ">
    <subfield code="0">0</subfield>
    <subfield code="1">0</subfield>
    <subfield code="2">lcc</subfield>
    <subfield code="4">0</subfield>
    <subfield code="7">0</subfield>
    <subfield code="8">ARTS</subfield>
    <subfield code="a">KSUL</subfield>
    <subfield code="b">KSUL</subfield>
    <subfield code="d">2024-09-11</subfield>
    <subfield code="i">104669</subfield>
    <subfield code="l">7</subfield>
    <subfield code="m">1</subfield>
    <subfield code="o">B 21 .M35 2005 </subfield>
    <subfield code="p">000000013006</subfield>
    <subfield code="r">2026-04-09 15:49:27</subfield>
    <subfield code="s">2026-03-27</subfield>
    <subfield code="t">5</subfield>
    <subfield code="w">2024-09-11</subfield>
    <subfield code="y">BK</subfield>
  </datafield>
  <datafield tag="952" ind1=" " ind2=" ">
    <subfield code="0">0</subfield>
    <subfield code="1">0</subfield>
    <subfield code="2">lcc</subfield>
    <subfield code="4">0</subfield>
    <subfield code="7">0</subfield>
    <subfield code="8">ARTS</subfield>
    <subfield code="a">KSUL</subfield>
    <subfield code="b">KSUL</subfield>
    <subfield code="d">2024-09-11</subfield>
    <subfield code="l">7</subfield>
    <subfield code="o">B 21 .M35 2005 </subfield>
    <subfield code="p">000000013005</subfield>
    <subfield code="r">2026-04-09 14:50:43</subfield>
    <subfield code="s">2026-03-30</subfield>
    <subfield code="t">4</subfield>
    <subfield code="w">2024-09-11</subfield>
    <subfield code="y">BK</subfield>
  </datafield>
  <datafield tag="952" ind1=" " ind2=" ">
    <subfield code="0">0</subfield>
    <subfield code="1">0</subfield>
    <subfield code="2">lcc</subfield>
    <subfield code="4">0</subfield>
    <subfield code="7">0</subfield>
    <subfield code="8">ARTS</subfield>
    <subfield code="a">KSUL</subfield>
    <subfield code="b">KSUL</subfield>
    <subfield code="c">DISPLAY</subfield>
    <subfield code="d">2024-10-18</subfield>
    <subfield code="i">097936</subfield>
    <subfield code="l">4</subfield>
    <subfield code="m">1</subfield>
    <subfield code="o">B 21 .M 35 2005</subfield>
    <subfield code="p">024552</subfield>
    <subfield code="r">2025-12-02 14:26:22</subfield>
    <subfield code="s">2025-11-17</subfield>
    <subfield code="t">1</subfield>
    <subfield code="w">2024-10-18</subfield>
    <subfield code="y">BK</subfield>
  </datafield>
</record>
